00257nam a2200097Ia 4500008004100000041000800041100001800049245007500067260000900142300000800151240521s1999 xx 000 0 und d aeng aTIMOSHENKO S. aSTRENGTH OF MATERIALS PART-II (ADVANCED THEORY AND PROBLEMS) IIIRD ED. c1999 a572